| 000 | 01115cad a22002655a 4500 | ||
|---|---|---|---|
| 001 | L159465 | ||
| 008 | 170727s2017 xxk f 000 0 eng d | ||
| 020 | _a978178321821 | ||
| 041 | _aeng | ||
| 050 | _a658.1552 | ||
| 110 |
_aRoyal Institution of Chartered Surveyors _94900 |
||
| 245 |
_aValue management and value engineering _h[electronic resource] |
||
| 250 | _a1st | ||
| 260 |
_aLondon, _bRICS, _c2017 |
||
| 490 | _aRICS Guidance Note | ||
| 490 | _aRICS Black Book | ||
| 520 | _aIntroduces the concepts of value management and value engineering as they relate to construction projects and to the role of chartered surveyors, who have a key role to play in helping manage value across the project. Effective from 1 May 2017. | ||
| 650 | _aVALUE ENGINEERING | ||
| 650 | _aVALUE MANAGEMENT | ||
| 651 | 4 | _aUnited Kingdom | |
| 690 |
_aProcurement _96260 |
||
| 690 |
_aQuantity surveying _96263 |
||
| 856 | 4 | 0 |
_uhttps://www.rics.org/uk/upholding-professional-standards/sector-standards/construction/black-book/value-management-and-value-engineering-1st-edition/ _zAvailable on RICS.org |
| 942 |
_n0 _2ddc |
||
| 999 |
_c115925 _d115925 |
||